Registrácia ochranných známok a ich význam v podnikaní bakalárska práca

Guardado en:
Detalles Bibliográficos
Autor principal: Bittová, Monika
Autor Corporativo: Obchodná fakulta EU. Katedra obchodného práva
Otros Autores: Hutta, Michal, 1982-
Formato: Libro
Lenguaje:eslovaco
Publicado: Bratislava 2024
Etiquetas: Agregar Etiqueta
Sin Etiquetas, Sea el primero en etiquetar este registro!

MARC

LEADER 00000nbm a2200000 4500
001 0302397
005 20241122133054.6
041 0 |a slo 
044 |a SK 
245 1 0 |a Registrácia ochranných známok a ich význam v podnikaní  |b bakalárska práca  |c Monika Bittová ; školiteľ: Michal Hutta 
264 1 |a Bratislava  |c 2024 
300 |a 45 s. 
100 1 |a Bittová, Monika 
700 1 |a Hutta, Michal, 1982- 
710 2 |a Obchodná fakulta EU. Katedra obchodného práva